Notes on the mount Roraima region (Registro nro. 10179)

Detalles MARC
000 -CABECERA
Campo de control 004230000a22001570004500
090 ## - CLASIFICACIÓN LOCAL
Colección AR
Consecutivo 01092
041 0# - IDIOMA
Código de idioma para texto/pista de sonido o título separado
100 1# - ASIENTO PRINCIPAL--NOMBRE PERSONAL
Nombre personal Tate, G. H. H.
245 10 - MENCION DE TITULO
Título Notes on the mount Roraima region
650 14 - ASIENTO SECUNDARIO DE MATERIA - TERMINO TEMATICO
Término temático o nombre geográfico como elemento de entrada Geografía
650 14 - ASIENTO SECUNDARIO DE MATERIA - TERMINO TEMATICO
Término temático o nombre geográfico como elemento de entrada Vegetación
650 14 - ASIENTO SECUNDARIO DE MATERIA - TERMINO TEMATICO
Término temático o nombre geográfico como elemento de entrada Geología
651 #4 - ASIENTO SECUNDARIO DE MATERIA - NOMBRE GEOGRAFICO
-- Monte Roraima
-- Venezuela
773 1# - Item fuente:
Título Geographical Review
Especificación de materiales 399
Paginas del Articulo 53-68
Lugar, editorial y fecha de publicación 1890?
942 ## - ELEMENTOS ADICIONALES (KOHA)
Tipo de ítem Artículo
Existencias
Withdrawn status Lost status Damaged status No para préstamo Colección Ubicación Permanente Ubicación actual Fecha de adquisición Fuente de Valor Datos de publicación Seriada Total Checkouts Número topográfico Inventario / Código de Barras Date last seen Ejemplar Price effective from Forma de adquisición Tipo de material
      No para Préstamo Hemeroteca Bogotá Bogotá 27/02/2015 Muñoz Saba, Yaneth Fuera de circulación   AR 01092 011411 25/03/2015 1 25/03/2015   Artículo